000 00641cab a2200205 4500
001 ABS36865
008 090401t1986 xxu||||| |||| 00| 0 eng d
035 _a(Sirsi) u738
041 _aeng
100 _aHall, P.
245 _aCompleting the grand design
260 _c1986
350 _a0
490 _aTown & Country Planning
_v55(9) September 1986, 233-236(3)
520 _aExamines the background to the design of the M25 orbital motorway and suggests ways in which Patrick Abercrombie`s plan for the area could be completed.
650 _aM25 MOTORWAY
690 _aPLANNING LAW AND PRACTICE
942 _n0
948 _c04/03/1997
999 _c390
_d390